Bound for joy: (Record no. 5896)

000 -LEADER
fixed length control field 00641nam a2200193 a 4500
001 - CONTROL NUMBER
control field :::00003638$&:&@@
003 - CONTROL NUMBER IDENTIFIER
control field OkBaRHE
005 - DATE AND TIME OF LATEST TRANSACTION
control field 20000607103309.0
008 - FIXED-LENGTH DATA ELEMENTS--GENERAL INFORMATION
fixed length control field s1975 j 000 0 eng u
040 ## - CATALOGING SOURCE
Transcribing agency
100 1# - MAIN ENTRY--PERSONAL NAME
Personal name Briscoe, D. Stuart.
245 10 - TITLE STATEMENT
Title Bound for joy:
Remainder of title Philippians-Paul's letter from prison.
260 ## - PUBLICATION, DISTRIBUTION, ETC. (IMPRINT)
Place of publication, distribution, etc Glendale, CA., :
Name of publisher, distributor, etc G/L Regal Books
Date of publication, distribution, etc c1975
300 ## - PHYSICAL DESCRIPTION
Extent 182 p. ;
Dimensions 18 cm.
490 0# - SERIES STATEMENT
Series statement A Bible commentary for laymen.
650 ## - SUBJECT ADDED ENTRY--TOPICAL TERM
Topical term or geographic name as entry element Bible New Testament Philippians
General subdivision Commentaries
942 ## - ADDED ENTRY ELEMENTS (KOHA)
Source of classification or shelving scheme
Koha item type Books
Copies
Koha item type Lost status Not for loan Price effective from Date acquired Damaged status Withdrawn status Permanent Location Source of classification or shelving scheme Shelving location Date last seen Full call number Barcode Copy number
Books  2010-04-142010-04-14  RHEMA Bible Training College General Stacks2018-04-03BS 2705.3 .B7436381